| 000 | 00604nam a2200193 a 4500 | ||
|---|---|---|---|
| 001 | 2314 | ||
| 003 | CDMR | ||
| 005 | 20131125181901.0 | ||
| 008 | 130130s1976||||||||||||||||||||||||||||d | ||
| 020 | _a8431302356 | ||
| 040 |
_aCDMR _bcat _cCDMR |
||
| 100 | 1 |
_aGorostiaga, Eduardo _9662 |
|
| 245 | 1 | 3 |
_aLa radiotelevisión en España _b: aspectos jurídicos y derecho positivo _cEduardo Gorostiaga |
| 260 |
_aPamplona _c1976 _bUniversidad de Navarra |
||
| 490 | 0 | _aCiencias de la información | |
| 650 | 0 | 4 |
_94386 _aRàdio _xDret i legislació |
| 650 | 0 | 4 |
_93205 _aTelevisió _xDret i legislació |
| 942 |
_cMON _2udc |
||
| 999 |
_c2314 _d2314 |
||